1416 1650 1856 1430 1512 1537 1467 1748 1043 1073 1926 1210 1600 1644 1631 1946 1189 1013 1756 1793 1983 1958 1987 1571 1836 1942 1834 1401 1829 1861 1044 1507 1401 1279 1964 1424 1403 1395 1088 1420 1610 1686 1513 1877 1131 1802 1543 1410 1829 1101 1763 1738 1908 1555 1098 1921 1336 1151 1694 1190 1766 1000 1301 1252 1101 1922 1879 1029 1792 1784 1559 1597 1311 1744 1777 1830 1927 1851 1242 1356 1457 1207 1937 1122 1821 1617 1610 1274 1963 1926 1952 1282 1585 1105 1237 1170 1740 1030 1614 BCNSPRNW ULIB Ver.6.0+V

เปลี่ยนเป็นภาษาไทย

Change to English
 แสดงรายละเอียดบรรณานุกรม
  กลับหน้าหลัก

Brief Record : Get Marc (ISO 2709) : E-mail record : QR code < ปิดหน้าต่าง
LEADER : 00000nam 2200000uu 4500
001    13399113603
003     ULIB
008    111128s2550||||th 000 0 tha d
020    ^a9789748075846
090    ^aนว.^bง281อ 2550
100 0  รินจันทร์
245 00 ลำนำหัวใจ/^cรินจันทร์
250    ^aพิมพ์ครั้งที่ 1
260    ^aกรุงเทพฯ :^bลีลา,^c2550
300    ^a328 หน้า
710 1  ลีลา
945    ^p210^l0^i15318
995    ทศพร
999    ^aใช้งานได้ทุกระบบ
รายการนี้ยังไม่มีแท็ก
คุณยังไม่ได้ล็อกอิน คุณสามารถมีกิจกรรมร่วมกับเว็บไซต์ได้ แต่ต้องล็อกอินก่อน ::
  ล็อกอิน

รายการสื่อสารสนเทศ

ลำดับที่ ประเภท เลขเรียก/บาร์โค้ด สถานที่ สถานะ
1. นวนิยาย
นวนิยาย
นว. ง281อ 2550 ฉ.1 
  Barcode: 15318
ห้องสมุดวิทยาเขตสวรรค์ประชารักษ์
►นวนิยาย
บนชั้น
  ขอยืม

BibComment


ยังไม่เคยถูกคอมเมนท์

คอมเมนท์ทรัพยากรรายการนี้
  คอมเมนท์: ลำนำหัวใจ รินจันทร์


 Copyright 2026. Bcnsprnw @Library